000
00212nam a22000857a 4500
008
161212b xxu||||| |||| 00| 0 eng d
100
_9
1995
_a
Chauhan.A.
245
_a
Home Science-XII
260
_a
New Delhi
_b
L.P.L.
_c
2010
999
_c
4833
_d
4833